Wednesday Characters by Picture - Statistics

General Stats
  • This quiz has been taken 196 times
  • The average score is 13 of 20
Answer Stats
Picture Answer % Correct
Wednesday Addams
99%
Thing
96%
Enid Sinclair
91%
Morticia Addams
89%
Tyler Galpin
89%
Gomez Addams
83%
Xavier Thorpe
83%
Bianca Barclay
81%
Fester Addams
73%
Ajax Petropolus
72%
Eugene Ottinger
67%
Donovan Galpin
65%
Larissa Weems
65%
Marilyn Thornhill
56%
Joseph Crackstone
51%
Yoko Tanaka
49%
Rowan Laslow
44%
Valerie Kinbott
39%
Noble Walker
30%
Garrett Gates
28%
No matching quizzes found
Score Distribution
Percent of People with Each Score
Percentile by Number Answered
Your Score History
You have not taken this quiz